Największe jeziora w Azji - Statystyki

Ogólne statystyki
  • Ten quiz został rozwiązany 171 razy
  • Średni wynik to 3 z 10
Statystyki odpowiedzi
Powierzchnia w km2 Państwo/Państwa Odpowiedź % Poprawnych
32 tys. Rosja Bajkał
92%
372 tys. Rosja, Kazachstan, Turkmenistan, Iran, Azerbejdżan Morze Kaspijskie
85%
14 tys. Kazachstan, Uzbekistan Aralskie
67%
16 tys. Kazachstan Bałchasz
48%
6 tys. Kirgistan Issyk-kul
21%
4 tys. - 6 tys. Iran Urmia
13%
3 tys. - 15 tys. Kambodża Tonle Sap
8%
5 tys. Rosja Zbiornik Bracki
5%
5 tys. Turkmenistan, Uzbekistan Sarykamyskie
3%
5 tys. Kazachstan Zbiornik Buktyrmański
2%
Nie znaleziono quizów pasujących do podanych kryteriów
Rozkład punktacji
Procent ludzi z każdym wynikiem
Percentyl według liczby udzielonych odpowiedzi
Twoja historia wyników
Nie rozwiązałeś tego quizu